[Event "It"]
[Site "masterchessopen.com Hamburg (Germany)"]
[Round "7"]
[White "Beni Alfred (AUT)"]
[Black "Golombek Harry (ENG)"]
[Result "0-1"]
[WhiteElo "2210"]
[BlackElo "2320"]

1.d4 Nf6 2.c4 e6 3.Nc3 Bb4 4.e3 c5 5.Ne2 d5 6.a3 cxd4 7.exd4 Be7 8.c5 O-O
9.Ng3 Bd7 10.Be2 b6 11.b4 bxc5 12.dxc5 Qc7 13.f4 Rd8 14.Be3 Be8 15.Bf3 a5
16.Nce2 axb4 17.axb4 Rxa1 18.Qxa1 Nc6 19.Qb1 Rb8 20.O-O Rxb4 21.Qd3 Na5 22.Nd4
Bxc5 23.Nge2 Qb6 24.Rc1 Bb5 25.Qc3 Rc4 26.Qb2 Rxc1+ 27.Qxc1 Bxe2 28.Bxe2 Nb3
{#R} 0-1

[Event "It"]
[Site "masterchessopen.com Dallas (USA)"]
[Round "0"]
[White "Reshevsky Samuel H (USA)"]
[Black "Najdorf Miguel (POL)"]
[Result "1-0"]
[WhiteElo "2430"]
[BlackElo "2445"]

1.d4 Nf6 2.c4 e6 3.Nc3 Bb4 4.e3 c5 5.Ne2 cxd4 6.exd4 d5 7.c5 Ne4 8.Bd2 Nxd2
9.Qxd2 b6 10.a3 Bxc3 11.Nxc3 bxc5 12.dxc5 a5 13.Bb5+ Bd7 14.O-O O-O 15.b4 Bxb5
16.Nxb5 Na6 17.Nd6 Qd7 18.f4 Rab8 19.f5 exf5 20.Rab1 axb4 21.axb4 Kh8 22.Qc3
Nc7 23.Nxf5 Ne6 24.Nd6 f6 25.Qh3 Rfd8 26.Rfe1 Nd4 27.Re8+ Qxe8 28.Nxe8 Rxe8
29.b5 Nxb5 30.Qd7 Nc3 31.Rxb8 Rxb8 32.c6 Ne4 33.h4 {#r} 1-0

[Event "Zt"]
[Site "masterchessopen.com Dublin (Ireland)"]
[Round "11"]
[White "Van Scheltinga Theo D (NED)"]
[Black "Conrady Alphonse (LUX)"]
[Result "1-0"]
[WhiteElo "2325"]
[BlackElo "2027"]

1.d4 Nf6 2.c4 e6 3.Nc3 Bb4 4.e3 c5 5.Ne2 b6 6.a3 Bxc3+ 7.Nxc3 Bb7 8.dxc5 bxc5
9.Qd6 Na6 10.f3 Rc8 11.e4 Rc6 12.Qg3 O-O 13.e5 Ne8 14.Bd3 d5 15.Bg5 f6 16.exf6
Nxf6 17.Rd1 Rb6 18.O-O Qe8 19.Rfe1 Qf7 20.Qh4 dxc4 21.Bxc4 h6 22.Bxf6 Qxf6
23.Qxf6 Rxf6 24.Na4 Rc6 25.Rd8+ {#r} 1-0

[Event "Zt"]
[Site "masterchessopen.com Sofia (Bulgaria)"]
[Round "0"]
[White "Beni Alfred (AUT)"]
[Black "Mititelu Gheorghe (ROM)"]
[Result "1-0"]
[WhiteElo "2210"]
[BlackElo "2300"]

1.d4 Nf6 2.c4 e6 3.Nc3 Bb4 4.e3 c5 5.Ne2 O-O 6.a3 Bxc3+ 7.Nxc3 cxd4 8.exd4 d5
9.c5 Re8 10.Bb5 Bd7 11.O-O Ne4 12.Bd3 Nxc3 13.bxc3 Bc6 14.Qh5 g6 15.Qh6 Qf6
16.Bg5 Qg7 17.Qh4 Nd7 18.Rfe1 e5 19.Bh6 Qh8 20.f3 Re6 21.Ra2 Rae8 22.Rae2 f5
23.g4 fxg4 24.fxg4 e4 25.Rf2 Rf6 26.g5 Rf5 27.Be2 Nxc5 28.Rxf5 gxf5 29.Bh5 Ne6
30.Rf1 f4 31.Rxf4 Ng7 32.Bf7+ Kf8 {#r} 1-0

[Event "Ch World (team) (under 26) (final A)"]
[Site "masterchessopen.com Varna (Bulgaria)"]
[Round "4"]
[White "Saidy Anthony F (USA)"]
[Black "Padevsky Nikola (BUL)"]
[Result "0-1"]
[WhiteElo "2336"]
[BlackElo "2355"]

1.d4 Nf6 2.c4 e6 3.Nc3 Bb4 4.e3 c5 5.Ne2 cxd4 6.exd4 d5 7.c5 Ne4 8.Bd2 Nc6
9.Nxe4 dxe4 10.Bxb4 Nxb4 11.Qa4+ Nc6 12.g3 e5 13.dxe5 e3 14.fxe3 Qd5 15.Rg1
O-O 16.Bg2 Qxc5 17.Bxc6 bxc6 18.Qd4 Qb5 19.Rg2 Ba6 20.Rc1 Rfd8 21.Rc5 Qb6
22.Qc3 Rd3 23.Qc1 Rad8 24.Nd4 Qb4+ 25.Rc3 c5 26.Nf5 Qe4 27.Nh4 Qxe3+ {#R} 0-1

[Event "Memorial Asztalos"]
[Site "masterchessopen.com Balatonfured (Hungary)"]
[Round "4"]
[White "Uhlmann Wolfgang (GER)"]
[Black "Neikirkh Oleg N (BUL)"]
[Result "1-0"]
[WhiteElo "2379"]
[BlackElo "2370"]

1.c4 Nf6 2.Nc3 e6 3.d4 Bb4 4.e3 c5 5.Ne2 cxd4 6.exd4 d5 7.c5 Nc6 8.a3 Ba5 9.g3
e5 10.b4 Bc7 11.Bg2 Bg4 12.h3 Bh5 13.Bg5 Nxd4 14.g4 Bg6 15.Nxd4 exd4 16.Nxd5
O-O 17.O-O h6 18.Bxf6 gxf6 19.f4 f5 20.Qxd4 f6 21.Rae1 Rf7 22.Re6 Kg7 23.Rxf6
Rxf6 24.g5 Kf7 25.Qxf6+ {#r} 1-0

[Event "Ch Bulgaria"]
[Site "masterchessopen.com Sofia (Bulgaria)"]
[Round "19"]
[White "Milev Zdravko (BUL)"]
[Black "Pipkov Lubomir (BUL)"]
[Result "1-0"]
[WhiteElo "2230"]
[BlackElo "2310"]

1.d4 Nf6 2.c4 e6 3.Nc3 Bb4 4.e3 c5 5.Ne2 Ne4 6.Qc2 f5 7.a3 Bxc3+ 8.Nxc3 Nxc3
9.Qxc3 Qf6 10.b3 O-O 11.Bb2 cxd4 12.exd4 Nc6 13.d5 Qxc3+ 14.Bxc3 Ne7 15.dxe6
dxe6 16.O-O-O Nc6 17.f4 Re8 18.b4 a6 19.Be2 e5 20.fxe5 Nxe5 21.Bxe5 Rxe5
22.Rd8+ Kf7 23.Bf3 Re8 24.Rhd1 a5 25.b5 Ke7 26.Rxe8+ Kxe8 27.c5 Rb8 28.Rd6 Ke7
29.Kb2 Bd7 30.Rb6 Rc8 31.Rxb7 Rxc5 32.Bc6 {#r} 1-0

[Event "It (a)"]
[Site "masterchessopen.com Beverwijk (Netherlands)"]
[Round "0"]
[White "Gereben Erno (SUI)"]
[Black "Donner Jan-Hein (NED)"]
[Result "0-1"]
[WhiteElo "2320"]
[BlackElo "2430"]

1.d4 Nf6 2.c4 e6 3.Nc3 Bb4 4.e3 c5 5.Ne2 d5 6.a3 Ba5 7.dxc5 dxc4 8.Qxd8+ Kxd8
9.Nd4 Bxc3+ 10.bxc3 Nbd7 11.Bxc4 Nxc5 12.O-O Bd7 13.Rd1 Na4 14.Ne2 Ke7 15.e4
Rhc8 16.Bd3 e5 17.Rb1 b6 18.Ba6 Rc7 19.f3 Nc5 20.Bb5 Be6 21.Ng3 a6 22.Bf1 Na4
23.Bd2 b5 24.c4 Bxc4 25.Bb4+ Nc5 26.Nf5+ Kf8 27.Bxc4 bxc4 28.Rbc1 a5 29.Bc3
Nfd7 30.Rb1 Na4 31.Bxa5 Rca7 32.Bb4+ Kg8 33.Rbc1 f6 {#R} 0-1

[Event "It \"]
[Site "masterchessopen.com Moscow (Russia)"]
[Round "12"]
[White "Gligoric Svetozar (SRB)"]
[Black "Hort Vlastimil (GER)"]
[Result "1-0"]
[WhiteElo "2447"]
[BlackElo "2466"]

1.d4 Nf6 2.c4 e6 3.Nc3 Bb4 4.e3 c5 5.Ne2 d6 6.a3 Ba5 7.Ng3 O-O 8.d5 Re8 9.Be2
Bxc3+ 10.bxc3 Qa5 11.Bd2 Nbd7 12.O-O Nb6 13.e4 exd5 14.cxd5 Nxe4 15.Nxe4 Rxe4
16.Bd3 Rh4 17.Qe2 Bd7 18.c4 Qa4 19.f4 f5 20.Rfe1 Rh6 21.Bc3 Qb3 22.Qd2 Rf8
23.Rab1 Qa4 24.Re7 Rf7 25.Rxf7 Kxf7 26.Qe2 Rg6 27.Re1 Kg8 28.Qe7 h6 29.Qd8+
Kh7 30.Qf8 Qxa3 31.Bxg7 {#r} 1-0

[Event "It"]
[Site "masterchessopen.com Copenhagen (Denmark)"]
[Round "9"]
[White "Hamann Svend (DEN)"]
[Black "Nielsen Jorgen G (DEN)"]
[Result "1-0"]
[WhiteElo "2298"]
[BlackElo "2161"]

1.d4 Nf6 2.c4 e6 3.Nc3 Bb4 4.e3 c5 5.Ne2 cxd4 6.exd4 d5 7.c5 e5 8.a3 Bxc3+
9.Nxc3 exd4 10.Qxd4 O-O 11.Bb5 Bd7 12.O-O Bxb5 13.Nxb5 Nc6 14.Qd3 Ne4 15.Be3
a6 16.f3 Ng5 17.Nd6 d4 18.Bxd4 Ne6 19.Be3 Qf6 20.b4 Rfd8 21.Rad1 b6 22.Qe4 Ne5
23.cxb6 Ng6 24.b7 Rab8 25.Ba7 {#r} 1-0

[Event "It"]
[Site "masterchessopen.com Buesum (Germany)"]
[Round "11"]
[White "Ghitescu Theodor (ROM)"]
[Black "Saemisch Friedrich (GER)"]
[Result "1-0"]
[WhiteElo "2384"]
[BlackElo "2200"]

1.d4 Nf6 2.c4 e6 3.Nc3 Bb4 4.e3 c5 5.Ne2 d5 6.a3 cxd4 7.axb4 dxc3 8.Nxc3 O-O
9.cxd5 exd5 10.Be2 Be6 11.O-O Nc6 12.b5 Ne7 13.b3 Qd7 14.Bb2 d4 15.exd4 Ned5
16.Nxd5 Nxd5 17.Qd2 Rfc8 18.Bc4 {#r} 1-0

[Event "Ch Iceland"]
[Site "masterchessopen.com Reykjavik (Iceland)"]
[Round "8"]
[White "Kristinsson Jon (ISL)"]
[Black "Olafsson Fridrik (ISL)"]
[Result "0-1"]
[WhiteElo "2290"]
[BlackElo "2434"]

1.d4 Nf6 2.c4 e6 3.Nc3 Bb4 4.e3 c5 5.Ne2 Ne4 6.f3 cxd4 7.exd4 Nxc3 8.bxc3 Be7
9.Ng3 O-O 10.Bd3 Nc6 11.O-O b6 12.Qe2 Ba6 13.f4 f5 14.d5 Na5 15.dxe6 dxe6
16.Qxe6+ Kh8 17.Be2 Bc5+ 18.Kh1 Qe8 19.Qxe8 Raxe8 20.Bd2 Bxc4 21.Bxc4 Nxc4
22.Rad1 g6 23.Bc1 Rf7 24.h3 Rfe7 25.Kh2 Kg7 26.a4 Kf7 27.Rd3 Re1 28.Rd1 Rxf1
29.Rxf1 Rd8 30.Ne2 Rd3 31.g3 Nd2 {#R} 0-1

[Event "Ch BRD"]
[Site "masterchessopen.com Koenigsfeld (Germany)"]
[Round "5"]
[White "Freise Helmut (GER)"]
[Black "Rellstab Ludwig Sr (GER)"]
[Result "1-0"]
[WhiteElo "2198"]
[BlackElo "2265"]

1.d4 Nf6 2.c4 e6 3.Nc3 Bb4 4.e3 c5 5.Ne2 cxd4 6.exd4 d5 7.c5 Ne4 8.Bd2 Nxd2
9.Qxd2 Nc6 10.a3 Ba5 11.b4 Bc7 12.g3 O-O 13.Bg2 Bd7 14.O-O Ne7 15.Qd3 Kh8
16.a4 Be8 17.Rfe1 Rc8 18.Nc1 Bb8 19.Nb3 Nc6 20.b5 Na5 21.Nxa5 Qxa5 22.f4 b6
23.c6 Qb4 24.f5 Bxc6 25.bxc6 Rxc6 26.Ne2 Kg8 27.fxe6 fxe6 28.Rf1 Rf6 29.Qe3
Rc2 30.Rxf6 gxf6 31.Qxe6+ Kg7 32.Rf1 {#r} 1-0

[Event "Ch World (students)"]
[Site "masterchessopen.com Graz (Austria)"]
[Round "5"]
[White "Cvetkovic Srdjan (SRB)"]
[Black "Belliard Luis (DOM)"]
[Result "1-0"]
[WhiteElo "2460"]
[BlackElo "2172"]

1.d4 Nf6 2.c4 e6 3.Nc3 Bb4 4.e3 c5 5.Ne2 cxd4 6.exd4 d5 7.c5 Ne4 8.Bd2 Nxd2
9.Qxd2 b6 10.a3 Bxc3 11.Nxc3 bxc5 12.dxc5 Qe7 13.Bb5+ Bd7 14.b4 O-O 15.O-O Rd8
16.Rfd1 Nc6 17.f4 Rab8 18.Bxc6 Bxc6 19.Qd4 Qf6 20.Rab1 Qxd4+ 21.Rxd4 a6 22.a4
f6 23.b5 e5 24.fxe5 fxe5 25.Rdd1 axb5 26.axb5 Ba8 27.c6 Rbc8 28.Nxd5 {#r} 1-0

[Event "It (cat.10)"]
[Site "masterchessopen.com Teeside (England)"]
[Round "14"]
[White "Gligoric Svetozar (SRB)"]
[Black "Wade Robert G (ENG)"]
[Result "1-0"]
[WhiteElo "2575"]
[BlackElo "2375"]

1.d4 Nf6 2.c4 e6 3.Nc3 Bb4 4.e3 c5 5.Ne2 d6 6.a3 Ba5 7.Rb1 Nc6 8.b4 Bb6 9.Na4
O-O 10.Nxb6 axb6 11.d5 Ne5 12.Ng3 b5 13.dxe6 Bxe6 14.cxb5 cxb4 15.axb4 Ba2
16.Ra1 Bc4 17.Rxa8 Qxa8 18.f4 Bxf1 19.fxe5 Bxg2 20.Rg1 b6 21.exf6 Bf3 22.Nf5
g6 23.Qxd6 {#r} 1-0

[Event "Ch Romania"]
[Site "masterchessopen.com Bucharest (Romania)"]
[Round "1"]
[White "Partos Charles (SUI)"]
[Black "Illijin Neboisa (ROM)"]
[Result "1-0"]
[WhiteElo "2410"]
[BlackElo "2174"]

1.d4 Nf6 2.c4 e6 3.Nc3 Bb4 4.e3 c5 5.Ne2 Nc6 6.a3 cxd4 7.exd4 Be7 8.d5 Nb8
9.d6 Bf8 10.Nb5 Na6 11.Nec3 g6 12.Bf4 Nh5 13.Nd5 exd5 14.Qe2+ Be7 15.dxe7 Qxe7
16.Bd6 Qxe2+ 17.Bxe2 dxc4 18.Bxh5 gxh5 19.O-O-O f6 20.Rhe1+ Kf7 21.Re7+ Kg6
22.f4 b6 23.Nd4 Rg8 24.f5+ Kg5 25.g3 Bb7 26.h3 Kh6 27.Bf4+ Rg5 28.Rf7 Nc5
29.h4 {#r} 1-0

[Event "?"]
[Site "masterchessopen.com Polanica Zdroj (Poland)"]
[Round "9"]
[White "Karasev Vladimir I (RUS)"]
[Black "Lombard Andre (SUI)"]
[Result "1-0"]
[WhiteElo "2460"]
[BlackElo "2410"]

1.d4 Nf6 2.c4 e6 3.Nc3 Bb4 4.e3 c5 5.Ne2 d5 6.a3 Bxc3+ 7.Nxc3 b6 8.dxc5 bxc5
9.b4 O-O 10.cxd5 cxb4 11.axb4 exd5 12.Be2 Nc6 13.b5 Ne7 14.Ba3 Re8 15.Bc5 Bb7
16.Rxa7 Rxa7 17.Bxa7 Qa5 18.Bd4 Rc8 19.Qa4 Qxa4 20.Nxa4 Rc1+ 21.Bd1 Ne4 22.f3
Rxd1+ 23.Kxd1 Nf2+ 24.Ke2 Nxh1 25.Nc5 Bc8 26.b6 Nc6 27.b7 Bf5 28.Na6 Bb1
29.Nb4 Nb8 30.Ba7 {#r} 1-0

[Event "Ch \"]
[Site "masterchessopen.com Gelendjik (Russia)"]
[Round "0"]
[White "Zilberman Nathan R (KGZ)"]
[Black "Ivanov Igor V (CAN)"]
[Result "0-1"]
[WhiteElo "2330"]
[BlackElo "2424"]

1.d4 Nf6 2.c4 e6 3.Nc3 Bb4 4.e3 c5 5.Ne2 cxd4 6.exd4 d5 7.c5 Nc6 8.a3 Bxc3+
9.Nxc3 Ne4 10.Bd3 Nxc3 11.bxc3 b6 12.Qg4 Kf8 13.O-O bxc5 14.Qg3 c4 15.Bc2 h6
16.Bf4 Kg8 17.Rab1 Qe7 18.Rb5 Qxa3 19.Rc5 Bd7 20.h4 Qb2 21.Ba4 Nxd4 22.cxd4
Bxa4 23.Be5 Rh7 24.Rc7 Be8 25.h5 a5 26.Re1 a4 27.Qh4 Qb4 28.Ra1 a3 29.Qe7 Qxe7
30.Rxe7 Rh8 31.Ra2 Kh7 32.Bd6 Ra6 33.Bc5 c3 34.Rc7 Bb5 {#R} 0-1

[Event "Zt"]
[Site "masterchessopen.com Vilnius (Lithuania)"]
[Round "7"]
[White "Gulko Boris F (USA)"]
[Black "Balashov Yuri S (RUS)"]
[Result "1-0"]
[WhiteElo "2480"]
[BlackElo "2540"]

1.d4 Nf6 2.c4 e6 3.Nc3 Bb4 4.e3 c5 5.Ne2 cxd4 6.exd4 d5 7.c5 Ne4 8.Bd2 Nxd2
9.Qxd2 a5 10.a3 Bxc3 11.Nxc3 a4 12.Bb5+ Bd7 13.O-O O-O 14.Rac1 Bxb5 15.Nxb5
Qa5 16.Qd3 Nc6 17.Rc3 Qa6 18.f4 g6 19.g4 Ne7 20.Qe2 Rfe8 21.Re3 Nc6 22.f5 e5
23.fxg6 fxg6 24.dxe5 ( 24.Qf3 Rf8 25.Qxd5+ { P } ) 24...Rad8 25.Nd6 Qxe2
26.Rxe2 Rxe5 27.Ref2 Re7 28.g5 Ne5 29.Rd2 Nc4 30.Nxc4 {#r} 1-0

[Event "Ch Armed Forces"]
[Site "masterchessopen.com Tallinn (Estonia)"]
[Round "0"]
[White "Karasev Vladimir I (RUS)"]
[Black "Rytov Boris (RUS)"]
[Result "0-1"]
[WhiteElo "2372"]
[BlackElo "2400"]

1.d4 Nf6 2.c4 e6 3.Nc3 Bb4 4.e3 c5 5.Ne2 b6 6.a3 Ba5 7.Qa4 Nc6 8.Bd2 Bxc3
9.Bxc3 O-O 10.Ng3 cxd4 11.exd4 Bb7 12.b4 a6 13.Qc2 b5 14.c5 Nd5 15.Bd3 f5
16.h4 a5 17.bxa5 Nxc3 18.Qxc3 Qxa5 19.Qxa5 Rxa5 20.Ne2 Nb4 21.Nf4 Nxd3+
22.Nxd3 Bxg2 23.Rg1 Be4 24.Ne5 Bc6 25.Kd2 Ra4 26.Ke3 Rfa8 27.Rae1 f4+ 28.Kxf4
Rxd4+ 29.Kg5 Rf8 30.Kh5 Rf5+ 31.Rg5 Rxe5 32.Rgxe5 Bf3+ 33.Kg5 Rg4+ 34.Kh5 Rg6#
0-1

[Event "Memorial F.Duz-Hotimirsky"]
[Site "masterchessopen.com Alushta (Ukraine)"]
[Round "0"]
[White "Popov Nikolay (MDA)"]
[Black "Kayumov Dmitry D (UZB)"]
[Result "1-0"]
[WhiteElo "2410"]
[BlackElo "2441"]

1.d4 Nf6 2.c4 e6 3.Nc3 Bb4 4.e3 c5 5.Ne2 d5 6.a3 Bxc3+ 7.Nxc3 cxd4 8.exd4 dxc4
9.Bxc4 Nc6 10.Be3 O-O 11.O-O b6 12.Qd3 Bb7 13.Rad1 h6 14.Ba2 Ne7 15.Rfe1 Qd6
16.Bc1 Rfd8 17.Qh3 Ng6 18.f3 Nd5 19.Bb1 Nxc3 20.bxc3 e5 21.Bxg6 fxg6 22.Qg4
exd4 23.Rxd4 Qc5 24.Bxh6 Qxc3 25.Qe6+ Kh7 26.Rc4 Qf6 27.Qxf6 gxf6 28.Bg5 Rd7
29.Bxf6 Kg8 30.Rh4 Bc6 31.Rc1 Rd6 32.Be5 Re6 33.Rh8+ {#r} 1-0

[Event "It"]
[Site "masterchessopen.com Roskilde (Denmark)"]
[Round "6"]
[White "Ghitescu Theodor (ROM)"]
[Black "Schneider Lars-Ake (SWE)"]
[Result "0-1"]
[WhiteElo "2450"]
[BlackElo "2430"]

1.d4 Nf6 2.c4 e6 3.Nc3 Bb4 4.e3 c5 5.Ne2 d5 6.a3 Ba5 7.dxc5 dxc4 8.Qxd8+ Kxd8
9.Bd2 e5 10.Ng3 Be6 11.Nce4 Bxd2+ 12.Kxd2 Nxe4+ 13.Nxe4 Ke7 14.Rc1 Rd8+ 15.Kc3
Bd5 16.Nd6 Na6 17.e4 Nxc5 18.Nf5+ Kf6 19.exd5 Ne4+ 20.Kb4 a5+ 21.Ka4 b5+
22.Kxb5 Rab8+ {#R} 0-1

[Event "It (cat.10)"]
[Site "masterchessopen.com Baku (Azerbaijan)"]
[Round "0"]
[White "Kasparov Garry (RUS)"]
[Black "Csom Istvan (HUN)"]
[Result "1-0"]
[WhiteElo "2595"]
[BlackElo "2510"]

1.d4 Nf6 2.c4 e6 3.Nc3 Bb4 4.e3 c5 5.Ne2 cxd4 6.exd4 O-O 7.a3 Be7 8.d5 exd5
9.cxd5 Re8 10.g3 Bc5 11.Bg2 d6 12.h3 Bf5 13.O-O Nbd7 14.g4 Be4 15.Ng3 Bxg2
16.Kxg2 Nf8 17.g5 N6d7 18.h4 Ne5 19.h5 f6 20.Nce4 fxg5 21.Bxg5 Qb6 22.h6 Nf7
23.hxg7 Nd7 24.Nf6+ Nxf6 25.Bxf6 Qb5 26.Rh1 Bb6 27.Qf3 Ne5 28.Nf5 Nf7 29.Rxh7
Kxh7 30.Rh1+ Kg8 31.Rh8+ Nxh8 32.gxh8=Q+ Kf7 33.Qfh5# 1-0

[Event "?"]
[Site "masterchessopen.com Brighton (England)"]
[Round "0"]
[White "Chandler Murray G (ENG)"]
[Black "Gruchacz Robert (USA)"]
[Result "1-0"]
[WhiteElo "2450"]
[BlackElo "2365"]

1.d4 e6 2.c4 Nf6 3.Nc3 Bb4 4.e3 c5 5.Ne2 d5 6.cxd5 Nxd5 7.g3 cxd4 8.exd4 Bd7
9.Bg2 Bc6 10.O-O O-O 11.Nxd5 Bxd5 12.Bxd5 Qxd5 13.Nf4 Qd7 14.d5 exd5 15.Nxd5
Bd6 16.Qb3 Na6 17.Be3 Nc5 18.Qc2 Qa4 19.Qe2 Rfe8 20.Rfd1 Rad8 21.Rac1 b6
22.Rc4 Qxa2 23.Rh4 Bf8 24.Qh5 h6 25.Rg4 Qb3 26.Nf6+ Kh8 27.Qxh6+ {#r} 1-0

[Event "It"]
[Site "masterchessopen.com Copenhagen (Denmark)"]
[Round "7"]
[White "Hoi Carsten (DEN)"]
[Black "Kristiansen Jens (DEN)"]
[Result "1-0"]
[WhiteElo "2410"]
[BlackElo "2430"]

1.d4 Nf6 2.c4 e6 3.Nc3 Bb4 4.e3 c5 5.Ne2 cxd4 6.exd4 O-O 7.a3 Be7 8.Nf4 d5
9.cxd5 Nxd5 10.Ncxd5 exd5 11.Bd3 Nc6 12.Be3 Bf6 13.O-O g6 14.Rc1 Bg7 15.Rc5
Be6 16.Qa4 Qd6 17.g3 a6 18.Rfc1 Rfc8 19.Bf1 Qd7 20.Bg2 b5 21.Qd1 Ne7 22.Qd2
Rxc5 23.Rxc5 Rc8 24.Nd3 Nc6 25.Nf4 Ne7 26.Qc3 Nf5 27.Nxe6 {#r} 1-0

[Event "It (open) \"]
[Site "masterchessopen.com London (England)"]
[Round "0"]
[White "Gligoric Svetozar (SRB)"]
[Black "Short Nigel D (ENG)"]
[Result "0-1"]
[WhiteElo "2565"]
[BlackElo "2360"]

1.d4 Nf6 2.c4 e6 3.Nc3 Bb4 4.e3 c5 5.Ne2 cxd4 6.exd4 O-O 7.a3 Be7 8.d5 exd5
9.cxd5 Bc5 10.Nd4 d6 11.Be2 a6 12.O-O Nbd7 13.Bg5 h6 14.Bh4 Re8 15.Rc1 Nf8
16.b4 Ba7 17.Nb3 Ng6 18.Bg3 Ne7 19.h3 Nf5 20.Bh2 Bd7 21.Na5 Rc8 22.Kh1 Bd4
23.Na2 Rxc1 24.Nxc1 Ne4 25.g4 Nxf2+ 26.Rxf2 Bxf2 27.gxf5 Bxf5 28.Nd3 Qh4
29.Bf3 Bxd3 30.Qxd3 Qxh3 31.Be4 Qg4 32.Bg2 Re1+ 33.Bf1 Rd1 {#R} 0-1

[Event "It (open) \"]
[Site "masterchessopen.com London (England)"]
[Round "0"]
[White "Stebbings Anthony (ENG)"]
[Black "Pritchett Craig W (SCO)"]
[Result "0-1"]
[WhiteElo "2241"]
[BlackElo "2390"]

1.d4 Nf6 2.c4 e6 3.Nc3 Bb4 4.e3 c5 5.Ne2 cxd4 6.exd4 O-O 7.a3 Be7 8.d5 exd5
9.cxd5 Re8 10.g3 Bc5 11.Na4 d6 12.Nxc5 dxc5 13.Bg2 Qa5+ 14.Kf1 Bf5 15.Nc3 Nbd7
16.h3 Ne4 17.Bxe4 Bxe4 18.Nxe4 Rxe4 19.Be3 Nf6 20.Qc2 c4 21.Rd1 Rd8 22.Kg2
Rxd5 23.Bxa7 h6 24.Be3 Qd8 25.Rxd5 Qxd5 26.Kh2 Qe5 27.Rd1 Nd5 28.Bf4 Qe6
29.Bb8 h5 30.Kg2 Re2 31.Qc1 Ne3+ 32.Kf3 Nxd1 33.Qxd1 Qe4# 0-1

[Event "It (open)"]
[Site "masterchessopen.com Manchester (England)"]
[Round "2"]
[White "Freeman Michael Roy (NZL)"]
[Black "Rind Bruce (USA)"]
[Result "0-1"]
[WhiteElo "2218"]
[BlackElo "2395"]

1.d4 Nf6 2.c4 e6 3.Nc3 Bb4 4.e3 c5 5.Ne2 cxd4 6.exd4 d5 7.c5 e5 8.dxe5 Ne4
9.a3 Nxc3 10.Nxc3 Bxc3+ 11.bxc3 Qa5 12.Bb2 Nc6 13.Qxd5 O-O 14.Bd3 Rd8 15.Qe4
g6 16.Qe3 Rxd3 17.Qxd3 Bf5 18.Qe2 Nd4 19.Qc4 Nc2+ 20.Ke2 Rc8 21.Rad1 Rxc5
22.Qh4 Rxe5+ 23.Kf3 Qb5 24.Bc1 h5 25.Rd8+ Kg7 26.Bg5 Bg4+ 27.Kg3 Rxg5 28.f4
Rc5 29.Qe7 Rxc3+ 30.Kh4 Qc5 31.Qe8 g5+ 32.fxg5 Rh3+ {#R} 0-1

[Event "?"]
[Site "masterchessopen.com Yugoslavia"]
[Round "0"]
[White "Gligoric Svetozar (SRB)"]
[Black "Marjanovic Slavoljub (SRB)"]
[Result "0-1"]
[WhiteElo "2565"]
[BlackElo "2490"]

1.d4 Nf6 2.c4 e6 3.Nc3 Bb4 4.e3 c5 5.Ne2 cxd4 6.exd4 d5 7.c5 Ne4 8.Bd2 Nxd2
9.Qxd2 a5 10.a3 Bxc3 11.Nxc3 a4 12.Bd3 b6 13.O-O Ba6 14.f4 bxc5 15.dxc5 Qa5
16.f5 Qxc5+ 17.Kh1 Bxd3 18.Qxd3 O-O 19.f6 Nd7 20.Qg3 g6 21.Qf4 Rfc8 22.Nxa4
Qb5 23.Qh6 Nxf6 24.Rxf6 Rxa4 25.Raf1 Rc7 26.R6f2 Rac4 27.Qg5 Qc5 28.b4 Qxf2
{#R} 0-1

[Event "Ch Northern California"]
[Site "masterchessopen.com Oakland (USA)"]
[Round "5"]
[White "McCambridge Vincent (USA)"]
[Black "Silman Jeremy D (USA)"]
[Result "1-0"]
[WhiteElo "2459"]
[BlackElo "2383"]

1.d4 Nf6 2.c4 e6 3.Nc3 Bb4 4.e3 c5 5.Ne2 cxd4 6.exd4 d5 7.a3 Be7 8.c5 O-O 9.g3
a5 10.Bf4 b6 11.b4 axb4 12.axb4 Rxa1 13.Qxa1 Nc6 14.Qa4 Bd7 15.b5 Nxd4 16.Nxd4
bxc5 17.Nc6 Bxc6 18.bxc6 Bd6 19.Nb5 Bxf4 20.gxf4 d4 21.Bc4 Qb6 22.c7 Rc8
23.O-O Qc6 24.Ra1 g6 25.Qa6 Qd7 26.Qb7 e5 27.fxe5 {#r} 1-0

[Event "Ch Netherlands (1/2 final)"]
[Site "masterchessopen.com Netherlands"]
[Round "3"]
[White "Boersma Paulus A (NED)"]
[Black "De Boer Gert-Jan (NED)"]
[Result "1-0"]
[WhiteElo "2304"]
[BlackElo "2430"]

1.d4 Nf6 2.c4 e6 3.Nc3 Bb4 4.e3 c5 5.Ne2 cxd4 6.exd4 d5 7.a3 Be7 8.c5 b6 9.b4
a5 10.Bf4 O-O 11.Na4 Nfd7 12.Nec3 axb4 13.axb4 bxc5 14.dxc5 Bb7 15.Bg3 Bf6
16.Bd3 e5 17.f3 e4 18.fxe4 dxe4 19.Be2 Bh4 20.Qd6 Bxg3+ 21.hxg3 Qg5 22.Qf4 Qg6
23.Rd1 Nf6 24.b5 Bc8 25.Nb6 Ra3 26.Qxb8 Rxc3 27.Nxc8 Kh8 28.Qe5 Rxc5 29.Qxc5
Qxg3+ 30.Kf1 e3 31.Qxf8+ Ng8 32.Qxg8+ {#r} 1-0

[Event "It (cat.7)"]
[Site "masterchessopen.com Bangalore (India)"]
[Round "0"]
[White "Torre Eugenio (PHI)"]
[Black "Ree Hans (NED)"]
[Result "1-0"]
[WhiteElo "2525"]
[BlackElo "2510"]

1.d4 Nf6 2.c4 e6 3.Nc3 Bb4 4.e3 c5 5.Ne2 cxd4 6.exd4 d5 7.a3 Be7 8.c5 b6 9.b4
bxc5 10.dxc5 O-O 11.Bf4 Nc6 12.Nd4 Nxd4 13.Qxd4 Nd7 14.Bg3 Bb7 15.Qd2 Bg5
16.f4 Bf6 17.Bd3 e5 18.fxe5 Nxe5 19.O-O Nc4 20.Bxc4 dxc4 21.Bd6 Re8 22.Rae1
Qd7 23.Nd5 Bxd5 24.Qxd5 Qb5 25.Be7 c3 26.Bxf6 gxf6 27.Rc1 Rad8 28.Qb3 Rd2
29.Rxc3 Qd7 30.Rg3+ Kf8 31.Qc3 Ree2 32.Qxf6 Qd5 33.Qg7+ Ke7 34.h3 {#r} 1-0

[Event "It (b)"]
[Site "masterchessopen.com Esbjerg (Denmark)"]
[Round "6"]
[White "Kristensen Bjarke (DEN)"]
[Black "Evans Larry D (USA)"]
[Result "1-0"]
[WhiteElo "2345"]
[BlackElo "2335"]

1.c4 Nf6 2.Nc3 e6 3.d4 Bb4 4.e3 c5 5.Ne2 d5 6.a3 Bxc3+ 7.Nxc3 cxd4 8.exd4 dxc4
9.Bxc4 O-O 10.O-O Nc6 11.Be3 b6 12.Qa4 Bb7 13.Rfd1 Na5 14.Ba2 Nd5 15.Rac1 Rc8
16.Nxd5 Bxd5 17.Rxc8 Qxc8 18.Bxd5 exd5 19.Rc1 Qb7 20.Bf4 Nc4 21.b3 b5 22.Qb4
a5 23.Qe1 Nxa3 24.Bd6 b4 25.Bxf8 Kxf8 26.Qe5 Nb5 27.Re1 {#r} 1-0

[Event "Bundesliga 1981/82"]
[Site "masterchessopen.com Germany"]
[Round "0"]
[White "Schubert Christian Dr (GER)"]
[Black "Kiefer Gerhard (GER)"]
[Result "1-0"]
[WhiteElo "2284"]
[BlackElo "2257"]

1.d4 Nf6 2.c4 e6 3.Nc3 Bb4 4.e3 c5 5.Ne2 cxd4 6.exd4 d5 7.c5 Ne4 8.Bd2 Bxc3
9.Nxc3 Nc6 10.Bb5 O-O 11.Bxc6 bxc6 12.O-O Rb8 13.Qc1 Ba6 14.Re1 Nxd2 15.Qxd2
Qa5 16.Re3 Qb4 17.b3 Rfe8 18.Rae1 Qb7 19.f4 Qd7 20.Nd1 Qe7 21.Nf2 g6 22.Ng4
Qh4 23.Rg3 f6 24.Qd1 f5 25.Ne5 Qxf4 26.Nxg6 Qh6 27.Ne5+ Kf8 28.Nd7+ Ke7
29.Nxb8 Rxb8 30.Qf3 Kd7 31.Rh3 Qg7 32.Qf4 Rg8 33.Rg3 {#r} 1-0

[Event "?"]
[Site "masterchessopen.com URS"]
[Round "0"]
[White "Zilberman Nathan R (KGZ)"]
[Black "Zhidkov Valery S (UKR)"]
[Result "0-1"]
[WhiteElo "2330"]
[BlackElo "2331"]

1.d4 Nf6 2.c4 e6 3.Nc3 Bb4 4.e3 c5 5.Ne2 cxd4 6.exd4 O-O 7.a3 Be7 8.d5 exd5
9.cxd5 Re8 10.g3 Bc5 11.Bg2 d6 12.h3 Bf5 13.O-O Ne4 14.Na4 Nd7 15.g4 Bg6
16.Nf4 Nxf2 17.Rxf2 Bxf2+ 18.Kxf2 Qh4+ 19.Kf1 Bc2 {#R} 0-1